Laws and acts past in the second session of the first Parliament of Our Most High and Dread Soveraign Charles the Second ... : holden at Edinburgh by the noble lord, John Earl of Middleton ... from the eight day of May to the ninth of September, 1662.

Bibliographic Details
Corporate Author: Scotland
Other Authors: Middleton, John Middleton, Earl of, 1619-1674
Format: eBook
Language:English
Series:Making of the modern world (Goldsmiths'-Kress Library of Economic Literature)
Subjects:
Online Access:Connect to the full text of this electronic book

MARC

Tag First Indicator Second Indicator Subfields
LEADER 00000cam a2200000La 4500
001 in00002292321
005 20190326194720.0
006 m | d |
007 cr |n||||||||n
008 870625s1662 stk s f000 0 eng d
040 |a GKS  |c GKS  |d OCL  |d Thomson Gale  |d UtOrBLW 
043 |a e-uk-st 
110 1 |a Scotland. 
240 1 0 |a Laws, etc. (Laws and acts : 1662) 
245 1 0 |a Laws and acts past in the second session of the first Parliament of Our Most High and Dread Soveraign Charles the Second ... :  |b holden at Edinburgh by the noble lord, John Earl of Middleton ... from the eight day of May to the ninth of September, 1662. 
264 3 |a Edinburgh :  |b Printed by Evan Tyler ...,  |c 1662. 
300 |a 30 pages 
336 |a text  |b txt  |2 rdacontent 
337 |a computer  |b c  |2 rdamedia 
338 |a online resource  |b cr  |2 rdacarrier 
500 |a Reproduction of original from Goldsmiths' Library, University of London. 
500 |a Goldsmiths'-Kress number 01658. 
510 4 |a Wing  |c S1273. 
510 4 |a OCLC,  |c 20886619 
533 |a Electronic reproduction.  |b Farmington Hills, Mich. :  |c Thomson Gale,  |d 2005.  |f (The making of the modern world).  |n Available via the World Wide Web.  |n Access limited to licensing agreements.  |7 s2005 miunns 
500 |a Electronic resource. 
650 0 |a Session laws  |z Scotland  |v Early works to 1800. 
655 0 |a Electronic books. 
700 1 |a Middleton, John Middleton,  |c Earl of,  |d 1619-1674. 
830 0 |a Making of the modern world (Goldsmiths'-Kress Library of Economic Literature) 
856 4 0 |u http://proxy.library.tamu.edu/login?url=http://galenet.galegroup.com/servlet/MOME?af=RN&ae=U100187454&srchtp=a&ste=14&locID=txshracd2898  |z Connect to the full text of this electronic book  |t 0 
999 |a MARS 
999 f f |s d8e9ab89-fba0-37b4-9d04-5b617371d84d  |i 9be471cd-47b4-39b2-bf75-1cde0d15de9b  |t 0 
952 f f |a Texas A&M University  |b College Station  |c Electronic Resources  |d Available Online  |t 0  |h No information provided 
998 f f |t 0  |l Available Online